{"text_format":"3","workbook":"xls","n_sheets":1,"sheets":["Sheet1"],"read":"whole","date_system":"1900","formulas":"cached_only"}

{"sheet":"Sheet1","index":0,"n_rows":29,"n_cols":7,"rows_kept":29,"merged":[[0,0,0,6]],"flags":["formulas_cached_only"]}
["电商直播实训室设备清单"]
["序号","设备名称","参数","单位","数量","单价","总价"]
[1,"直播实训终端","CPU频率 2.9GHz　内存容量16GB内存类型 DDR4 2933MHz 　1T机械硬盘　固态硬盘容量256GB  1000Mbps以太网卡 2×USB2.0，2×USB3.0，耳机输出接口，麦克风输入接口 1×VGA，1×HDMI 1×RJ45（网络接口） 1×电源接口，预装操作系统与办公软件　21寸显示器  键鼠 x1 鼠标垫 x1 电源线 x1","套",6,6200,37200]
[2,"云台直播摄像头","3840*2880 4k分辨率1200万像素120度广角　USB接口　遥控5倍变焦　无内置麦克风 人型跟踪 横竖屏切换　多功能云台安装底座，可左右上下转动","套",6,5800,34800]
[3,"声卡麦克风套装","声卡类型 外置型 声卡2.1声道 信噪比 -90dB,A-加权 频率响应:20Hz-20kHz(±0.2dB)  支持10种音效，麦克风有线 电容式 单指向 频响范围20Hz-20kHz 灵敏度-34dB±2dB 信噪比78dB 立体声 产品声压132dB","套",6,5000,30000]
[4,"直播手机","4800万像素以上 运行内存12GB机身内存256GB，4000mA以上电池","部",6,3300,19800]
[5,"音箱","电脑音箱，2.1声道，有源：220V/50Hz，","对",6,600,3600]
[6,"监听耳麦","有线头戴式，兼容手机PC,20Hz-20KHz, 标称阻抗24Ω，灵敏度101DB，3.5mm插头，线长1.5米。","副",6,300,1800]
[7,"手持云台","可折叠、磁吸快拆、内置了锂电池，容量为1300Ah，工作时间可以达到10小时，适配手机重量为 230±60g，厚度为 6.9-10mm。","台",6,1300,7800]
[8,"线材配件","USB,网线，音频线，电源线插板","套",6,1000,6000]
[9,"LED 补光灯套餐","18寸可调光变光，带遥控，220V电","套",6,900,5400]
[10,"LED 柔光灯箱套餐","嵌入式柔光灯电压： Ac220V 50/60Hz  功率：220W 色温：3200K 灯*2+灯架*2+柔光箱*2","套",6,5600,33600]
[11,"直播桌椅","1.6米直播桌，椅子面料材质：网布 人体工学椅","套",6,2800,16800]
[12,"直播提词器设备","兼容手机、12寸平板，提词器支持广角大屏。","套",6,5900,35400]
[13,"产品展示柜","根据房间定做产品展示柜，展示柜的风格与颜色需要与装修，文化墙相匹配。每一个直播任务配套的商品10件。","套",6,18800,112800]
[14,"背景扣图绿幕","手动轴背景布","项",6,1800,10800]
[15,"虚拟直播终端","15.6寸高清屏操作，绿幕智能抠像，三相机镜头模式，直播间场景预设，直播录像，手机远控/上传素材，手机无线传屏，全平台APP直播，虚拟直播场景真实展现，内置智能绿幕背景识别算法，直播间可任意更换图片/视频背景有效减少，镜头旋转/镜像，支持镜头画面横竖旋转，抠像更细腻，背景更饱和，安全区域可取消抠像，智能背景虚化功能，虚化背景强度可调节更方便，单反级大光圈镜头效果，主播更聚焦更出众，虚化强度可调，任意背景虚化背景模糊程度大光圈虚化效果\n单/双/三相机镜头模式，在直播时多个镜头机位可相互切换主屏或副屏。\n主摄单相机模式：直播间绿幕抠像效果 全屏/虚拟背景可选\n主+副1双相机模式：主播抠像及商品特写 人像与商品同屏显示\n主+副1+副2三相机模式 展示更多商品及细节 三相机可切换和缩放\n一秒快速开播：直播场景镜头预存设置\n将场景及镜头设定好后，开播前打开预设窗口，选择合适的预设场景即可开播无需重新设置\n内置声卡声效快速增加直播氛围效果 声效可管理上传上传自定义声效\n声效音量可调节内置音量大小调节\n多平台推流一人直播即可增加流量\n仅需添加rtmp推流地址即可实现多平台直播推流，可同时支持3路直播推流\n直播快捷键、直播本地录像、文字滚动、提词器、书写批注等功能\n直播提词器：文本内容上传支持颜色/缩放/滚动播放等(提词仅主播可见)\n配套：配套导播切控器、无线键鼠各一套。\n群卓虚拟直播软件：\n内置虚拟集-或构建自己的虚拟集。全动态变焦-可自定义的摄像机位置预设。高品质色度键-使用或不使用虚拟装置以满足您的生产需求。\n利用网络上运行的远程桌面捕获屏幕。非常适合PowerPoint和Skype。音频捕获支持也可用。\n将客人添加到现场演出的最简单方法是内置于软件中。允许任何拥有浏览器和网络摄像头的人成为即时客户！\n创建视频延迟输入并将其分配给任何可用的摄像机或输出。保存多个重要事件的视频剪辑，以便以后播放。可配置的慢动作播放从5%到400%。\n从许多内置模板轻松添加和编辑Title或ScoreBoard,或使用任何图形或矢量编辑软件构建您自己的模板或ScoreBoard。通过即时更新调整文本，字体大小和颜色以及实时。\n音频混合器允许您轻松跟踪所有音频源，包括静音，跟随（自动混音）和延迟任何音源的功能。峰值显示器还包括VU表，以确保每个输入电平都已准备就绪。使用内置EQ,Compressor和Noise Gate效果微调\n除多视图功能外，包括4个覆盖通道。每个叠加通道都可以有自己的过渡效果，位置和边框。\n允许您向任何其他NDI兼容设备发送和接收NDI源。使用NDI在本地网络上传输输出，摄像头，音频和图形。连接到您最喜爱的NDI程序或设备，如CasparCG,NewBlue Titler,Adobe CC等等。\n总输出通道：1000个、摄像头/NDI输入通道数：1000个、分辨率：4K  4096*2160、叠加通道层数：4、支持2路同时录制、支持推流、支持全屏输出、大屏输出、支持外部输出与采集卡输出、支持字幕制作系统，内置动画标题，记分牌，记分板等、支持GT字幕制作高级版，支持自定义动画标题、支持列表播放、专业调色，色彩纠正、视频列表、支持2路视频通话、多通道录制、支持1路即时回放、两个外部输出 两个全屏输出 四个虚拟输出、支持添加脚本编辑、支持云台损像机的控制，推，拉，摇，移等。","台",6,15600,93600]
[16,"直播间装修","1、轻钢龙骨隔墙：工艺：先做空腔，固定龙骨，填充50mm的隔音棉，然后固定石膏板；材料：轻钢龙骨采用表面热镀锌的优质冷轧钢制作； A级不燃材料，环保健康，无毒无害。\n2、工艺：固定吸音板支架（可采用木龙架或轻钢龙骨）；支架内填充玻璃纤维吸音棉；依据墙面造型，依次安装木质吸音板。吸音棉，采用玻璃纤维材质；\n3、铝格栅吊顶：哑光黑色金属栅格，间距规格≤150×150mm；\n4、直播间墙面处理：吊打，墙面白乳胶漆处理，简约大方，所用材料环保；。\n5、静电地胶：自流平找平，铺设地胶，所选产品环保无刺激；\n6、窗户平开隔音板：吸音板制作门扇；门扇内填充玻璃纤维吸音棉；依据墙面造型，依次安装木质吸音板。优质孔木吸音板，具有木质最高的防火等级B1；吸音棉，采用玻璃纤维材质；\n7、直播室背景墙孔型吸音板：固定吸音板支架（可采用木龙架或轻钢龙骨）；支架内填充玻璃纤维吸音棉；依据墙面造型，依次安装木质吸音板。\n8、不锈钢踢脚线：成品；\n9、隔音门：规格1000mm×2100mm；门框采用进口或国产优质冷轧钢板，电镀锌钢或不锈钢制造；门扇填充采用硅酸铝纤维棉。\n10、隔音板装饰：固定吸音板支架（可采用木龙架或轻钢龙骨）；支架内填充玻璃纤维吸音棉；依据墙面造型，依次安装木质吸音板。","套",6,66000,396000]
[17,"空调","大1匹冷暖空调","套",6,2850,17100]
[18,"电商直播实训软件","提供多用户版AI智评系统，提供直播销售技能模拟上播应用，配套直播教学一体化设备直播实训应用。系统可通过AI智能评价方式，模拟直播全流程，训练直播各环节的技能，并实现对直播全流程实训效果的客观自动评分。\n学生可可通过账号密码方式登录学生个人实训页面，并在平台中提供个人实训任务，显示直播销售技能（上播模拟实操）实训内容。\n直播中每个阶段均会在虚拟直播系统界面以及网页端的提词页面中弹出字幕板，提示该阶段要求完成的具体实训内容。\n任务列表:列表显示所有任务，可修改任务，删除任务，上传导入任务，下载任务。点击任务完成情况，显示该任务下未完成和已完成学生，显示评分和已评/无评，已完成但无评分和评语的为图文任务需人工评分和评语，可点击查看每位学生已完成任务内容与评分评语，如果是图文任务该学生已完成任务，但需要进行人工评分评语的，老师可以进行人工评分评语。\n任务管理\n1、选择任务分类：音视频任务、纯音频任务、文字任务、图文混合任务\n2、添加任务标题:后台显示，可显示给前端学生查看\n3、添加任务介绍与评价标准说明：说明可以是图片、文字、音频（mp3）、音视频(mp4)任何类型，需要显示给前端学生查看。\n4、设置纯音频任务评分与评价标准：设置关键字，最多10组。\n5、设置视频任务对比评价标准：1.设置自动截图多少张/每分钟，最多10张，给出评分和评价，视频MP4，音频MP3。\n6、设置文字任务评分与评价标准：设置关键字，最多10组。\n7、设置任务中文字提示：设置提示文字内容与提示时间\n8、设置任务时间：设置多少分种，学生点击开始任务到自动提交任务完成时间。\n9、设置任务完成日期：设置任务完成日期，设置日期内未完成任务，学生该任务得分为0分。\n10、任务排名:按单个任务评分进行排名，按学生所有完成的任务总得分排名。\n11、重置任务:可选择按学号重置学生已完成的任务，单选每一个任务或所有任务。可选择按任务重置学生已完成的任务，单选一个人或所有人。\n学生功能：\n1、注册登录：学生在个人电脑端登录实训软件，输入用户名和密码，可以进行注册，等老师审批。\n2、直播策划任务：学生进入直播策划任务，按任务要求进行直播策划任务实训。实训任务完成后，后台自动进行评分和评语。\n3、直播任务：学生登录实训软件后可以选择实训，视频类任务学生开始实训任务时，学生电脑会自动启动摄像头与麦克风并进行录音录像并保存，完成任务后学生可查看，如果没有检测支学生电脑摄像头与麦克风给出提示。如果是纯音频类任务，只启动麦克风，如果没有检测支学生电脑摄像头与麦克风给出提示。实训任务完成后，后台自动进行评分和评语。\n4、直播互动实训任务：在直播实训任务进行的过程中会有互动弹幕内容，根据弹幕进行问题回答。实训任务完成后，后台自动进行评分和评语。\n5、直播复盘查看：任务完成后可以进行复盘查看，包括直播录像内容，直播时的表情管理，语言内容管理。提示需要改进的地方。\n6、直播任务排名:学生完成任务后可以查看单个任务评分和排名，完成的任务总得分排名。","套",1,238000,238000]
[19,"电商直播运营实训软件","1、系统采用B/S架构，支持最新的HTML5标准，兼容火狐、谷歌等主流浏览器。\n2、系统包含管理端、教师端、学生端三部分。\n3、系统包含实训管理功能，有学生管理、教师管理、任务管理、竞赛考试管理。\n4、用户管理可根据班级对学生进行管理维护，管理学生显示学生列表页面，显示增删查改等功能。\n5、教师可对学生实训进行评分，评语评价。\n6、查看实训任务显示实训目标、背景资料、实训要求、实训步骤图文并茂显示任务详情。\n一.直播平台运营维护\n1 直播平台选择：对比分析抖音、快手、西瓜、小红书、百家号、企鹅号的平台风格和用户特点，熟知各平台的优缺点。根据企业定位、产品特点、目标用户、 预算，选择合适的平台。\n2 日常内容审核：能根据政策规定、行业规则、市场规范等，建立敏感词库，并持续更新，识别内容中的敏感词或违规内容，保证内容的合规性和可靠性。检查用户留言、评价等，处理负面信息。\n3信息采集管理：淘宝直通车推广数据采集，百度营销搜索推广数据采集，京东快车推广数据采集，抖音巨量算数综合信息采集、分析用户数据，提炼用户标签，绘制用户画像。制定用户运营策略，促进用户活跃、留存和转化。\n二.直播活动运营任务\n1 活动策划任务：根据直播任务要求目标和运营规划，制定活动运营计划。确定活动流程、活动创意、活动推广计划、物料、预算等，编写活动方案。 \n2 活动实施与推广：根据活动方案，通过企业官方渠道、付费渠道、自媒体平台、垂直社群等，进行活动宣传。利用编写直播活动方案，选择合适的时间与直播平台进行活动的传播，实现持续推广。 \n三.数据分析应用： \n1 内容运营复盘：根据内容运营目标和评估体系，提取关键指标数据。对内容数据进行分析，评价内容质量和传播效果。对内容运营结果与预期目标之间的偏差，分析原因，总结经验和不足，提出内容优化建议。 \n2 活动运营复盘：根据活动运营目标和评估体系，提取 关键指标数据。对活动数据分析，发现异常，找出原因，总结经验和不足，提出活动优化建议。 \n3 用户运营复盘：根据用户运营目标和评估体系，基于 用户的属性和行为，提取关键指标数据。对用户数据分析，挖掘用户需求，提炼用户管理的优化建议。 \n电商直播实训平台软件：学生与老师可以进行直播、拍摄上传短视频、开通直播小店等实训，软件后台由老师管理员进行管理，学生开通直播小店交保证金、消费等不用充值，后台可以直接控制用户在本平台的余额，可以通过实训平台直播复盘找出学生直播时的各种不良用语，方便改进，避免在真实直播过程中被封号、处罚等。\n1.电商直播实训平台：系统采用B/S架构设计，不需要安装客户端，通过浏览器访问，可支持基于校园网的应用。\n2.系统支持学生、教师、管理员使用不同的身份登录软件，不同的身份具有不同的操作权限。提供系统管理功能，不限制用户数量，教师账号保留与使用权限分开管理，允许多教师同时使用。\n3.学生实训功能：支持学生以PC端直播和手机APP直播，有从模拟注册平台账户到完善资料认证、短视频上传、直播、开通小店上传产品、短视频推广分享、短视频评论、短视频点赞、产品销售、观看直播、产品购买、物流发货、订单管理、退货管理等，共计30个以上的实训任务；。\n4.教师管理功能：系统具有良好的数据分析功能，能通过监测学生的实训数据，以表格的形式直观的反应出学生的成绩。支持个人信息管理、学生用户管理、对学生实训结果评分和写评语评价、实训结果分析等功能。\n学生端\n1.直播功能：上传直播封面。添加直播标题。开启购物车,开通店铺；主播还可添加展示商城商品与平台自营的商品，用户在此入口购买后，主播可获得相应佣金。分享直播。摄像头切换。开闪光灯。美颜功能。管理主播用户，设置管理员等。\n2.直播观看：可以查看主播的信息，包括主播的头像、地址以及昵称。查看该直播房间目前的观看者信息。关注主播,主播开播时可以收到推送。用户和主播可以在直播房间进行互动聊天。直播购物。可展示主播选择展示的商品。\n3.短视频功能：录制视频支持翻转镜头、开启关闭闪光灯、拍摄速度、美颜、添加背景音乐、选择本地视频。发布视频可进行分享、选填标题，系统会自动进行定位；短视频添加分类功能，分类后台设置，可选择是否关联商品。水印功能。查看同款商品，购买商品。观看视频支持评论、点赞、评论、分享、复制链接、举报、下载到本地以及对用户进行关注； \n4.买家功能：观看直播购买商品，收藏商品，查看已买到的商品，商品浏览记录、地址管理、账户余额管理、退款记录、提现记录、全部订单查询、待付款订单查询、待发货订单查询、待收货订单查询、待评价订单查询、退款查询。添加好友，给好友发送短消息； \n5.卖家功能：申请直播开店：小店信息 账户信息　综合评分 账户金额　累计收入　商品总数　商品总销量　订单管理 待发货 等待退款 待支付 全部退款 已发货 已签收 已完成 已关闭 全部订单 添加商品 商品管理 地址管理 消息 经营类目。\n6.订单管理：查看我的评价、查看店铺信用评分\n7.直播小店管理：在手机端APP个人中心进入直播小店管理，买家与卖家管理页面可一键切换 \n8.商品管理：可添加平台商品，站内商品、站外商品（淘宝、京东）、上下架商品。\n9.分类管理：新增分类，批量导入、导出分类，批量编辑、删除分类\n教师端\n1.后台可体现学生任务完成的进度、个人成绩、待完成的任务、各位同学的实训任务进度等信息。\n2.系统支持由老师从系统商品库中自行选择商品进行组合，让学生训练，同时也支持老师自行出题，用于学生实训。\n3.关键词屏蔽功能:通过设置特定关键词（广告禁用词语、违反词语等）让学生在实训过程中了解直播规则。如果含有指定关键词，则提示输入非法，请重新输入。\n4.后台管理功能：教师可以在后台设置审核学生注册信息，产品信息，短视频等。给学生进行账户虚拟充值，让学生在实训时有足够的资金可以扮演买家或卖家。","套",1,158000,158000]
[20,"电子商务数据分析实训软件","具有大数据分析全过程数据处理工具，以及真实企业案例和实训管理、监控、评价教学管理平台。\n1.系统采用B/S架构，有PC端、H5版。\n2.后台用户管理：平台能够方便专业教师实现云端备课，发布教学任务，实时反馈教学知识点掌握情况，实现电子化考评，评价结果数据实时分析。\n3.提供基于淘宝和抖音直播数据平台的数据统计报表。提供商品大数据市场调研文本是根据商品相关数据指标、不同平台直播间实时趋势，采集多个指标数据形成的数据报表，以便于完成电子商务数据分析为电子商务运营提供数据支持。\n4.通过京东快车、星网大数据、淘宝直通车与百度营销观星盘行业流量洞察来进行宣传素材搜集、热点话题捕捉、直播内容规划与定位。\n一、数据采集下载\n1.淘宝直通车账号与密码可进行实训与淘宝直通车关键词分析数据采集下载。\n*2.提供京东商城账号与密码可进行实训，可在京东快车核心拓词搜索下载数据。\n*3.百度营销搜索推广账号与密码进行实训,功能：手机APP端，PC端登录，账户搜索推广，数据显示，可新建计划、新建单元、新建关键词、新建创意等。可在行业流量洞察数据下载。\n*4.360搜索推广账号与密码可进行实训,关键词搜索数据下载。\n*5.星网大数据账号与密码可进行实训,查询任意关键词最多1000条长尾词查询。\n6.抖音巨量算数数据查询。\n数据采集与处理：市场规模数据采集与处理方案制，竞争对手商品结构数据采集与处理方案制定，淘宝直通车推广数据采集与处理方案制定，京东快车推广数据采集与处理方案制定，店铺销售数据与运营数据采集与处理方案制定，多平台产品数据采集与处理方案制定（京东，百度，360，淘宝，抖音，拼多多），产品指数数据采集与处理方案制定\n二、数据分析\n1、数据分析管理按照任务分类展现学生任务得分，显示学生得分详情。\n2、教师可对学生进行数据分析评分，评语评价。\n3、查看实训任务显示实训目标、背景资料、实训要求、实训步骤图文并茂显示任务详情。\n4、学生根据设置的实训任务进行实训，实训可上传实训视频，实训图片，实训文字，实训表格等。\n5、实训任务模块支持样例图和视频管理，可上传样例图，可上传样例视频。\n6、后台管理点击视频培训，有实训系统视频资库，有实训教学视频，老师可以上传教学视频资源供学生学习。\n7、具有清晰的任务描述，每一个实训都有明确的实训目标、背景资料、实训要求、实训步骤、实训结果、实训评阅；教师在进行实训评阅时不但可以对实训结果进行评分，还可以对实训结果进行点评指导，给出参考样例进行对比分析；\n8、点击“结果提交”进入实训结果图片、视频、文字上传页面，点击“修改”可对提交的结果进行修改，修改内容包括页面显示上传的图片、视频、文字、文档。\n数据分析：市场数据目标行业发展分析，市场需求分析及预测，竞店数据分析，竞品数据分析，客户分类，描绘客户画像，客户行为分析，推广数据分析，流量结构分析，关键词推广效果分析，活动推广效果分析，内容运营效果分析，交易数据分析，采购数据分析，订单时效分析，仓储数据分析\n提供农产品行业抖音直播数据下载分析\n农产品行业各播主数据　如粉丝数量、月粉丝增量、月作品数、月点赞增量、总作品数、总点赞量。\n农产品行业各种商品数据　如日销量、日销量榜、日浏览量、月抖音销量、直播销量占比\n农产品行业各种品牌数据　如日销量榜、日销量、日销售额、短频数量、关联直播数量\n农产品行业各店铺数据　如推广商品数、日销量、日销售额、短频数量、关联直播数量\n农产品行业指数数据　如商品搜索指数、商品各地区搜索指数、商品各地区不同日期搜索指数、如商品内容关联词指数、如商品搜索关联词指数、相关度排名、相关度涨跌、人群画像。\n查看热词相关的内容消费人群的画像特征。内容消费人群是指对该热点相关内容有观看、互动等行为的用户。TGI指数，是反映目标群体在特定研究范围（如年龄段、性别、兴趣爱好）内的强势或弱势的指数。TGI越大，说明该特征在该垂直领域下越显著。","套",1,178000,178000]
[21,"短视频运营实训教学管理软件","短视频运营实训教学系统内容有实训任务管理、实训教学资源、实训理论考核、实训软件操作、行业应用案例等模块构成。\n1、系统为B/S架构，系统包含管理端、教师端、学生端三部分。\n2、支持学生、教师使用不同的身份登录软件，不同的身份具有不同的操作权限。\n3、系统后台包含功能，有用户管理、角色管理、试题维护、订制试卷、成绩管理、实训任务管理、学习管理、学生交流管理、个性化配置、个性化信息管理等。\n4、管理端功能：在进入管理端后主页面提示系统使用说明，左侧管理菜单有试题维护，订制试卷，成绩管理，用户信息管理，角色信息管理，任务管理，学生交流，个性化配置，个人信息管理\n5、教师端功能：老师可以编辑在线考试试卷，老师可以出题并编辑标准答案与每道题的分值，设置考试时间。\n*6、老师可以发布实训任务，并设置实训任务参考答案，对学生完成的实训任务进行打分，评价。\n7、老师可以设置资源学习分与实训任务分。\n8、学生端功能：学生可以看到资源内容和学习分，学生可以看到考试内容和考试分。\n*9、学生在个人页面实训任务里可以看到自己实训完成与否，实训评分与评价，完成实训后可以看到参考答案。\n\n一、功能要求\n（一）课程资源要求\n1、有清晰的课程资源列表，资源文件可以是视频，音频，文档。教学资源按照每课时教学使用顺序进行罗列。\n*2、学生学习过的资源会在学生个人信息里显示，并配有学习分值，在学生个人信息首页显示学生的总学习分和详细学习分。\n3、课程内容规划：该资源包含短视频运营概述、账号定位、短视频内容策划、短视频拍摄与剪辑、短视频发布与推广、短视频数据分析6个模块。其中模块一短视频运营概述包括：短视频行业认知、短视频运营认知、短视频平台选择；模块二账号定位包括：账号运营规划、目标用户定位、短视频内容定位、账号设置；模块三短视频内容策划包括：策划选题、策划脚本；模块四短视频拍摄与剪辑包括：短视频拍摄技巧、短视频剪辑技巧；模块五短视频发布与推广包括：内容发布、推广引流、短视频流量运营；模块七短视频数据分析包括：单个短视频数据分析、短视频运营数据分析。\n4、视频教学课件16个，以视频或音频等多种媒体元素显示。课件设计与制作，结构合理，易于操作，且与文字教材相互补充。课件内容涉及的案例一并提供。\n5、教学课件PPT配备相应讲稿，至少16个，具体讲解课程内容，每个讲稿字数不低于1500字。\n6、根据课程知识及技能要点提供拓展资源，至少16个。拓展学习材料的展现形式包括视频、音频、文档、PPT等，涵盖本门课程涉及的知识及技能要点。\n（二）学生端实训任务功能要求\n1、实训部分包括短视频平台选择、短视频账号定位、短视频账号设置、短视频选题库构建、短视频选题策划等12个技能实训任务。\n2、短视频平台选择任务提供抖音、快手、头条、哔哩哔哩共四种平台的基础信息，包括平台的内容偏好、用户画像、发展路径、平台变现、内容调性、推荐策略、流量属性、展示方式等内容，要求学生提炼具体平台的展示方式、流量定位、运营重点、用户画像、变现方式，并总结平台优劣势，训练学生根据基础信息进行平台特征分析与平台选择的技能。\n3、短视频账号定位任务提供对标账号数据与行业画像数据，要求完成对标账号分析、行业用户画像、短视频账号定位模块。其中，对标账号分析模块需分析账号类型、用户画像、视频内容等内容。行业用户画像模块内置行业用户数据，要求学生提炼行业用户画像。最终要求学生在短视频账号定位模块中确定短视频账号定位。\n4、短视频账号设置任务提供优秀账号示例与知识要点，内置头像与主页背景图的基础数据，要求学生完成账号设置，包括账号名、账号头像、简介、主页背景的设置。\n5、短视频选题库构建任务中包含热点中心，提供热门视频、实时热点、神评论各10条基础数据，要求基于基础数据完成素材搜集，为素材添加标签，构建热点选题库与常规选题库，训练学生素材搜集与素材库构建的能力。\n6、短视频选题策划任务内置素材数据，要求学生进行素材分析，提供选题方法示例，要求学生应用方法扩充素材，最终确定选题方向，并进行自我评价，训练学生选题策划的能力。\n7、短视频脚本策划任务包括脚本分析、脚本创作两个模块。其中脚本分析模块中内置一则短视频数据，要求学生据此进行脚本分析，确定该短视频的拍摄定位、拍摄地点、拍摄人物，以镜头为单位对短视频进行拆解，分析其优势。脚本创作模块要求学生以镜号为单位创作脚本，包括景别、摄法、机位、时长、画面内容、音效内容的设计。\n8、短视频拍摄任务提供拍摄设备、稳定设备、录音设备、补光设备四类，共12项具体设备的优劣势基础数据，训练学生选择拍摄设备的技能；提供图片示例，要求学生判断图片中应用的光线类型与构图法类型；提供作品成果上传功能，要求学生上传拍摄作品，设置作品尺寸、时长，进行作品描述，训练学生拍摄短视频作品的技能。\n9、短视频后期剪辑任务提供剪辑方案策划、作品成果上传等实训内容，训练学生短视频后期剪辑的能力。其中剪辑方案策划中要求学生对剪辑步骤进行排序，选择应用的剪辑操作、剪辑技巧和画面比例。作品成果上传中内置剪辑作品制作工具，学生在进行工具分析后，可通过选择第三方剪辑工具或系统内置工具，完成剪辑作品上传或制作，并进行作品描述。\n10、短视频内容发布任务包含封面策划、标题文案策划、内容发布等技能训练。封面策划中提供短视频封面示例图与短视频优秀封面示例，要求学生进行封面判断与封面分析并上传封面；标题文案策划中内置标题类型与文案类型，要求据此设计短视频标题与短视频文案；内容发布中要求学生完成发布设置，训练学生短视频内容发布的技能。\n11、短视频推广引流任务要求根据任务背景与推广预算选择合适的推广 机制,包括付费推广与免费推广,提供投放页面,投放人群,投放市场, 投放金额等内容的设置。\n12、短视频内容数据分析：根据短视频内容，提取关键指标数据。对内容数据进行分析，评价内容质量和传播效果。对内容运营结果与预期目标之间的偏差，分析原因，总结经验和不足，提出内容优化建议。 \n13、短视频运营数据分析：根据用户运营目标和评估体系，基于用户的属性和行为，提取关键指标数据。对用户数据分析，挖掘用户需求，提炼用户管理的优化建议。","套",1,178000,178000]
[22,"直播教学资源","1、系统为B/S架构，支持最新的HTML5标准，兼容火狐、谷歌等主流浏览器。\n2、系统包含管理端、教师端、学生端三部分。支持学生、教师使用不同的身份登录软件，不同的身份具有不同的操作权限。\n3、管理端可对学生账号，老师账号进行管理。\n4、教师端可以设置上传学习内容与学习分，对每一个教学资源都可以设置学习时间和学习分。\n5、学生端可以进行注册认证，参加学习教学视频，音频，文件学习查看。\n6、内置资源库模块，教学资源库门类齐全，形式多样包含多媒体视频、音频、动画、教学课件PPT、文档资料等。\n7、学习视频与音频显示文件名与播放时长，后台可以设置学习分值，学生学习后会有学习分。\n8、以学生为中心开发数字资源，注重用户体验。学生也可上传MP4,word,ppt格式文件。\n9、教学资源内容数字化管理，方便资源随时更新上传，编辑，维护。\n10、视频微课72个：授课式微课程，讲解课程中的知识难点、技能难点，时间 5-10 分钟。图像清晰稳定、构图合理、声音清楚，能较全面真实反映教学情境，能充分展示教师良好教学风貌。视频片头应显示制作单位，其中30套微课视频是在本项目学校进行现场制作，主要教学视频环节为新疆当地特色内容。展现形式：MPEG4或MP4；\n11、教学课件PPT 72套：课件采用 PPT 模式编写，同一课程风格保持一致。课件模版朴素、大方，颜色适宜，便于长时间观看。其中50套教学课件PPT为学校专用定制课件，在软件交付时需厂家在学校安排人员根据老师教学要求进行教学课件的编写。\n直播教学资源内容\n第一章 直播入门 直播现状解读\n直播趋势解读\n直播常见类型\n直播人群分析\n直播货品分析\n第二章 直播上手 直播权限解读\n直播开播前准备\n电脑端直播开播\n手机端直播开播\n直播中控台使用\n直播常见注意事项\n第三章 直播技巧 直播权益设置\n直播看点设置\n直播脚本设计\n直播产品讲解\n直播粉丝亲密度\n直播粉丝互动\n第四章 直播优化 主播人设打造\n直播团队分工\n直播等级解读\n直播权重解读\n直播达人合作\n直播活动解读\n直播数据分析","套",1,118000,118000]
[23,"机柜","22U专用服务器机柜；采用优质冷扎钢板制作，整体框架结构设计；机柜深度1000 mm，立柱厚度不低于2.0 mm，其余部分钢板厚度不低于1.2 mm；静载500KG以上。","台",1,3000,3000]
[24,"资源管理系统平台","平台硬件：为8核心  2.1GHZ处理器，500W电源以上 内存：2*32G以上 系统硬盘为2块SSD 256G盘，存储硬盘2*8TB，SATA扩展性：不少于4块 3.5英寸热插拔SAS, SATA, SSD硬盘；RAID卡：可配置RAID 0、1、5、6、10、50、60，支持热备盘技术，支持不低于4GB高速缓存；集成双端口Broadcom千兆网卡，带故障切换和负载均衡功能，支持TOE，iSCSI启动；PCIe插槽：2个PCIe 3.0；5 个USB（2个USB 3.0，3个USB 2.0）；1个DVD-RW驱动器\n平台系统：正版中文操作系统与WEB服务apache\n平台软件：tomcat8+eclispe（idea） spring+spring mvc+jsp+jstl+jdbc\n标准版MySQL数据库，正版中文软件jdk8","台",1,42500,42500]
[25,"实训教学管理主机","处理器：8核心  2.1GHZ处理器+单电及以上 内存：32GB以上 硬盘： 2*1TB  7. 2K  RPM  SATA扩展性：不少于4块 3.5英寸热插拔SAS, SATA, SSD硬盘；RAID卡：可配置RAID 0、1、5、6、10、50、60，支持热备盘技术，支持不低于1GB高速缓存；集成双端口Broadcom千兆网卡，带故障切换和负载均衡功能，支持TOE，iSCSI启动；PCIe插槽：2个PCIe 3.0；5 个USB（2个USB 3.0，3个USB 2.0）；1个DVD-RW驱动器\n平台系统：操作系统Linux与web服务nginx\n标准版MySQL数据库，正版中文软件jdk8","台",2,38000,76000]
[26,"路由器","8口千兆无线路由器  7200M","台",1,1000,1000]
[27,"合计",{"$nulls":4},1855000]